European Cities by Letter - E - Statistics

General Stats
  • This quiz has been taken 49 times
  • The average score is 6 of 20
Answer Stats
Clue City % Correct
Capital of Scotland Edinburgh
96%
Commonly considered the energy capital of Germany Essen
91%
Where Nokia's headquarters is located Espoo
62%
Major British seaside resort Eastbourne
53%
Martin Luther studied at this city's University Erfurt
53%
Important centre for agricultural exports in Denmark Esbjerg
43%
Capital of the Ottoman Empire between 1369-1453 Edirne
34%
Originally served as a Roman military base Exeter
34%
Home to Europe's largest palm grove Elche
26%
One of Portugal's hottest cities, frequently subject to heat waves Évora
21%
The city's port is one of the 'Seven Wonders of Poland' Elbląg
17%
Centre for archaeological and educational studies in Sicily Enna
15%
Lies to the north of the river Shkumbin Elbasan
13%
Formerly the starting point of the West Clare Railway Ennis
11%
Centre of metallurgy and heavy machinery manufacturing Elektrostal
9%
Renamed as Krekkelstad during the festivities of Carnival Enschede
9%
Best known for its castle and thermal baths Eger
6%
Located in the area of the Yergeni hills Elista
6%
One of the best natural harbours in Norway Egersund
4%
Burned by Francis I in 1554 Épernay
2%
No matching quizzes found
Score Distribution
Percent of People with Each Score
Percentile by Number Answered
Your Score History
You have not taken this quiz